Central Library OPAC University of Rajshahi

একজন মুসলমান নিরক্ষরের আল- কুরআনের সহজ বুঝ / (Record no. 84280)

MARC details
000 -LEADER
fixed length control field 01192nam a2200265 a 4500
001 - CONTROL NUMBER
control field 84280
003 - CONTROL NUMBER IDENTIFIER
rucl marc code BD-RjUL
005 - DATE AND TIME OF LATEST TRANSACTION
control field 20241111135519.0
008 - FIXED-LENGTH DATA ELEMENTS--GENERAL INFORMATION
fixed length control field 241111s2023 bg ||||| |||| 00| 0 ben d
020 ## - INTERNATIONAL STANDARD BOOK NUMBER
International Standard Book Number 9789841109028
035 ## - SYSTEM CONTROL NUMBER
System control number (BD-RjUL)84280
040 ## - CATALOGING SOURCE
Original cataloging agency BD-RjUL
Language of cataloging eng
Transcribing agency BD-RjUL
041 ## - LANGUAGE CODE
Language code of text/sound track or separate title ben
082 ## - DEWEY DECIMAL CLASSIFICATION NUMBER
Edition number 23
Classification number 297.1225
Author mark and year NOA 2023
100 ## - MAIN ENTRY--PERSONAL NAME
Personal name নোমান, আবুল হাসান মুহাম্মদ
9 (RLIN) 14205
245 ## - TITLE STATEMENT
Title একজন মুসলমান নিরক্ষরের আল- কুরআনের সহজ বুঝ /
Statement of responsibility, etc. আবুল হাসান মুহাম্মদ নোমান
246 ## - VARYING FORM OF TITLE
Title proper/short title আল- কুরআনের সহজ বুঝ
260 ## - PUBLICATION, DISTRIBUTION, ETC. (IMPRINT)
Place of publication, distribution, etc. ঢাকা :
Name of publisher, distributor, etc. ঢাকা : আহমদ পাবলিশিং হাউস,
Date of publication, distribution, etc. ২০২৩
300 ## - PHYSICAL DESCRIPTION
Pagination ৩২০ পৃ.;
Size ২৪ সেমি.
650 ## - SUBJECT ADDED ENTRY--TOPICAL TERM
Topical term or geographic name as entry element আল কুরআনের বঙ্গানুবাদ
9 (RLIN) 14206
Topical term or geographic name as entry element Bengali translation of Al Quran
9 (RLIN) 14207
Topical term or geographic name as entry element আল কুরআন
Form subdivision ব্যাখ্যা ও সমালোচনা
9 (RLIN) 14208
Topical term or geographic name as entry element Al Quran
Form subdivision Interpreation and criticism
9 (RLIN) 14209
942 ## - ADDED ENTRY ELEMENTS (KOHA)
Source of classification or shelving scheme Dewey Decimal Classification
Koha item type Books
Holdings
Lost status Source of classification or shelving scheme Damaged status Not for loan Collection code Permanent Location Current Location Shelving location Date acquired Source of acquisition Cost, normal purchase price Total Checkouts Full call number Date last seen Copy number Koha item type
  Dewey Decimal Classification   Not For Loan Non-fiction Central Library, University of Rajshahi Central Library, University of Rajshahi Reading Room 05/11/2024 Author 700.00   B 297.1225 NOA 2023 11/11/2024 C-1 Books